| 000 -LEADER |
| fixed length control field |
01265pab a2200157 454500 |
| 008 - FIXED-LENGTH DATA ELEMENTS--GENERAL INFORMATION |
| fixed length control field |
180718b1999 xxu||||| |||| 00| 0 eng d |
| 100 ## - MAIN ENTRY--PERSONAL NAME |
| Personal name |
Pattanaik, Sitikantha |
| 245 ## - TITLE STATEMENT |
| Title |
REER : the leading indicator |
| 260 ## - PUBLICATION, DISTRIBUTION, ETC. |
| Date of publication, distribution, etc. |
1999 |
| 300 ## - PHYSICAL DESCRIPTION |
| Extent |
p.123-51 |
| 362 ## - DATES OF PUBLICATION AND/OR SEQUENTIAL DESIGNATION |
| Dates of publication and/or sequential designation |
Monsoon |
| 520 ## - SUMMARY, ETC. |
| Summary, etc. |
This paper empirically evaluates the significance of the REER as a leading indicator of currency crises using the experience of the recently affected Asian economies as a benchmark. The results of the study indicate that while real overvaluations must be corrected in an orderly manner in the medium to long-run, any policy to use exchange rate as an instrument to gain external competitiveness may prove ineffective in the long-run. Estimates suggest that REER misalignments in India get corrected by 7.7 per cent and 6.0 per cent per quarter through nominal exchange rate adjustments and domestic price movements, respectively. Greater exchange rate flexibility and trade/structural reforms facilitating enhanced wage price flexibility, therefore, could be crucial to ensure convergence of cross border prices and avoid sustained misalignment in the exchange rate. - Reproduced |
| 650 ## - SUBJECT ADDED ENTRY--TOPICAL TERM |
| Topical term or geographic name entry element |
Exchange rates |
| 773 ## - HOST ITEM ENTRY |
| Main entry heading |
Reserve Bank of India Occasional Papers |
| 909 ## - |
| -- |
43794 |